K-pop Idols #3 - Statistics

General Stats
  • This quiz has been taken 122 times
  • The average score is 10 of 16
Answer Stats
Picture Answer % Correct
Rose
91%
Hwasa
89%
I.N
86%
Yeji
86%
Nayeon
84%
Sunghoon
80%
Yuqi
71%
Wonyoung
65%
Winter
64%
Taemin
56%
Haewon
55%
Seonghwa
51%
Chuu
49%
Hikaru
38%
Sakuya
23%
Seongmin
10%
No matching quizzes found
Score Distribution
Percent of People with Each Score
Percentile by Number Answered
Your Score History
You have not taken this quiz